Statistics for Ocean's 11 Actors

Click here to take the quiz!

General Stats

  • This quiz has been taken 8,555 times
  • The average score is 9 of 22

Answer Stats

CharacterActor% Correct
Danny OceanGeorge Clooney
97%
Rusty RyanBrad Pitt
93%
Linus CaldwellMatt Damon
83%
Tess OceanJulia Roberts
73%
Debbie OceanSandra Bullock
61%
Basher TarrDon Cheadle
51%
Virgil MalloyCasey Affleck
49%
Terry BenedictAndy Garcia
46%
Nine BallRihanna
46%
Daphne KlugerAnne Hathaway
39%
LouCate Blanchett
39%
Frank CattonBernie Mac
36%
Reuben TishkoffElliott Gould
33%
Turk MalloyScott Caan
33%
Sarah PaulsonAwkwafina
25%
Rose WeilHelena Bonham Carter
24%
Saul BloomCarl Reiner
23%
AmitaMindy Kaling
23%
TammySarah Paulson
21%
Livingston DellEddie Jemison
13%
"The Amazing" YenShaobo Qin
13%
Roman NagelEddie Izzard
12%

Score Distribution

Percentile by Number Answered

Percent of People with Each Score

Your Score History

You have not taken this quiz